00718 a2200253 4500260001000000630003800010037001300048650002600061100002600087260002000113245007900133300001100212650002400223260000900247300001000256100000700266037001200273700002800285700002500313700003000338650002500368650002600393650004500419 aParis a33 - Economie. Economie politique b1, Achat a3 - SCIENCES SOCIALES aDewhurst, J. Frederic bBerger-Levrault aBesoins et moyens de l'Europe : Tendances et perspectives de dix-huit pays a661 p. aEurope : économie c1962 b27 cm lfr aDE 5064 aTrad., Verhulst, Michel aTrad., Lavault, Jean aTrad., Faiverley, Gabriel amoyens économiques abesoins économiques aperspectives économiques européennes